000 00588nam a22002057a 4500
003 OSt
005 20160530184852.0
008 160530b xxu||||| |||| 00| 0 eng d
020 _a0683307371
040 _cDLMN.
082 _aQV744W671f 2002.
100 _aWilliam,A.David;Lemke,L.Thomas;
_99132
245 _aFoye's Principles of Medicinal Chemistry.
250 _a5th ed.
260 _aPhiladelphia.
_bLippincott william & Wilkins.
_c2002.
300 _axii,1114p;
_bill;
_c29cm.
504 _aAppendix and index are included.
650 _aPharmacology.
_9357
942 _2z
_cO_SHELF
999 _c4237
_d4237